|
LDR
| 02764nam a2200685 a 4500 |
|---|
| 001 | 18207 |
|---|
| 003 | CZ-PrJAB |
|---|
| 005 | 20220324083446.0 |
|---|
| 007 | ta |
|---|
| 008 | 070731s2007 xr e 001 0 cze |
|---|
| 015 | | . |
‡acnb001729885 |
|---|
| 020 | | . |
‡a978-80-7195-152-0 (brož.) :
‡cKč 170,00 |
|---|
| 035 | | . |
‡a(CZ PrNK)nkc20071729885 |
|---|
| 035 | | . |
‡a(OCoLC)190778327 |
|---|
| 040 | | . |
‡aOLA001
‡bcze |
|---|
| 041 | 1 | . |
‡acze
‡hita |
|---|
| 045 | | . |
‡ay0y0 |
|---|
| 072 | | 7. |
‡a27-5
‡xLiturgie. Křesťanské umění a symbolika. Duchovní život
‡2Konspekt
‡95 |
|---|
| 080 | | . |
‡a272-528
‡2MRF |
|---|
| 080 | | . |
‡a27-853
‡2MRF |
|---|
| 080 | | . |
‡a27-564
‡2MRF |
|---|
| 080 | | . |
‡a27-312.47-5
‡2MRF |
|---|
| 080 | | . |
‡a27-36-5
‡2MRF |
|---|
| 080 | | . |
‡a27-567
‡2MRF |
|---|
| 080 | | . |
‡a272-522/-523
‡2MRF |
|---|
| 080 | | . |
‡a272-1/-9
‡2MRF |
|---|
| 080 | | . |
‡a(094)
‡2MRF |
|---|
| 245 | 0 | 0. |
‡aDirektář o lidové zbožnosti a liturgii :
‡bsměrnice a zásady /
‡c[z italského originálu ... přeložila překladatelská skupina České biskupské konference pod vedením Jana Kotase] |
|---|
| 260 | | . |
‡aKostelní Vydří :
‡bKarmelitánské nakladatelství,
‡c2007 |
|---|
| 300 | | . |
‡a231 s. ;
‡c20 cm |
|---|
| 500 | | . |
‡aNad názvem: Kongregace pro bohoslužbu a svátosti |
|---|
| 504 | | . |
‡aObsahuje bibliografické odkazy a rejstříky |
|---|
| 610 | 2 | 7. |
‡aKatolická církev.
‡bKongregace pro bohoslužbu a svátosti.
‡tDirettorio su pietà popolare e liturgia
‡7kon2007427270
‡2czenas |
|---|
| 648 | | 7. |
‡a21. stol.
‡7ch460559
‡2czenas |
|---|
| 650 | 0 | 7. |
‡akatolická liturgie
‡7ph121529
‡2czenas |
|---|
| 650 | 0 | 7. |
‡alidová zbožnost
‡7ph122311
‡2czenas |
|---|
| 650 | 0 | 7. |
‡acírkevní rok
‡7ph114290
‡2czenas |
|---|
| 650 | 0 | 7. |
‡amariánský kult
‡7ph122644
‡2czenas |
|---|
| 650 | 0 | 7. |
‡akult svatých
‡7ph138466
‡2czenas |
|---|
| 650 | 0 | 7. |
‡anáboženské poutě
‡7ph115479
‡2czenas |
|---|
| 650 | 0 | 7. |
‡apoutní místa
‡7ph115843
‡2czenas |
|---|
| 650 | 0 | 7. |
‡aučení katolické církve
‡7ph135482
‡y21. stol.
‡2czenas |
|---|
| 650 | 0 | 9. |
‡aCatholic liturgy
‡2eczenas |
|---|
| 650 | 0 | 9. |
‡apopular religiosity
‡2eczenas |
|---|
| 650 | 0 | 9. |
‡achurch year
‡2eczenas |
|---|
| 650 | 0 | 9. |
‡aMarian cult
‡2eczenas |
|---|
| 650 | 0 | 9. |
‡acult of saints
‡2eczenas |
|---|
| 650 | 0 | 9. |
‡areligious pilgrimages
‡2eczenas |
|---|
| 650 | 0 | 9. |
‡apilgrimage places
‡2eczenas |
|---|
| 650 | 0 | 9. |
‡aCatholic doctrine
‡y21st century
‡2eczenas |
|---|
| 655 | | 7. |
‡adokumenty
‡7fd132064
‡2czenas |
|---|
| 655 | | 9. |
‡adocuments
‡2eczenas |
|---|
| 700 | 1 | . |
‡aKotas, Jan,
‡d1970-
‡7mzk2004236671
‡4trl |
|---|
| 710 | 2 | . |
‡aKatolická církev.
‡bČeská biskupská konference.
‡bPřekladatelská skupina
‡7kn20070815013 |
|---|
| 710 | 2 | . |
‡aKatolická církev.
‡bKongregace pro bohoslužbu a svátosti
‡7kn20020321238 |
|---|
| 765 | 0 | . |
‡tDirettorio su pietà popolare e liturgia
‡9Česky |
|---|
| 910 | | . |
‡aABG312 |
|---|
| 901 | | . |
‡a18207
‡b
‡c18207
‡tbiblio |
|---|